| 000 | 01090nam a22001937a 4500 | ||
|---|---|---|---|
| 008 | 120815t xxu||||| |||| 00| 0 eng d | ||
| 020 | _a0072557435 | ||
| 050 | _aRM316.R39 | ||
| 100 | _aRay, Oakley | ||
| 245 |
_aDrugs, society and human behavior. / _cOakley Ray and Charles Ksir |
||
| 250 | _a10th ed. | ||
| 260 |
_aBoston: _bMcGraw Hill, _cc2004. |
||
| 300 |
_axviii, 494 p.: _bill.; _c23cm. |
||
| 500 | _aIncludes index. | ||
| 505 | _aContents: Drug use in modern society: Drug use: an overview -- Drug use as a social problem -- Addictions: theory and treatment -- Preventing substance abuse -- Drug regularitions -- How drugs work: The Nervous system -- The Actions of drugs -- Uppers and downers: Stimulants -- Depressants and inhalants -- Psychotherapeutic drugs -- Alcohol: Alcohol in the body -- Alcohol and society -- Familiar drugs: Tobacco -- Caffeine -- Over-the-counter drugs -- Restricted drugs: Opioids -- Hallucinogens -- Marijuana and hashish -- Steroids and other drugs in sport -- Appendixes. | ||
| 650 | _bDrug abuse. | ||
| 700 | _aKsir, Charles | ||
| 942 |
_2lcc _cBK |
||
| 999 |
_c2030 _d9530 |
||